Normal view
MARC view
- Deitel, Harvey M.,
Entry Personal Name
001 - CONTROL NUMBER
- control field: 81308
003 - CONTROL NUMBER IDENTIFIER
- control field: NUST
005 - DATE AND TIME OF LATEST TRANSACTION
- control field: 20210806111722.0
008 - FIXED-LENGTH DATA ELEMENTS
- fixed length control field: 210806|| aca||aabn | a|a d
040 ## - CATALOGING SOURCE
- Original cataloging agency: NUST
- Transcribing agency: NUST
100 ## - HEADING--PERSONAL NAME
- Personal name: Deitel, Harvey M.,
- Dates associated with a name: 1945-
- Title of a work: C++ how to program
670 ## - SOURCE DATA FOUND
- Source citation: Work cat.: (NUST)31868: Deitel 81307, C++ How to Program , c2006.
